| 000 | 00544nam a2200169 4500 | ||
|---|---|---|---|
| 001 | 131040 | ||
| 003 | ES-MaACL | ||
| 005 | 20230906193913.0 | ||
| 007 | t| | ||
| 008 | 070214s1926 fr r ||||1| fre d | ||
| 100 | 1 |
_aRochelle, E. _998071 |
|
| 245 | 1 | 0 |
_aLivret explicatif des tableaux auxiliaires delmas pour l'enseignement pratique des langues vivantes par la methode directe et par l'image / _cE. Rochelle. |
| 250 | _a35ยช. ed. | ||
| 260 |
_aBordeaux : _bG. Delmas, _c1926. |
||
| 300 |
_a90 p. ; _c16 cm. |
||
| 852 |
_aES-MaACL _j1785-F-16 |
||
| 999 |
_c131040 _d131040 |
||